<?xml version="1.0" encoding="UTF-8"?>
<record
    xmlns:xsi="http://www.w3.org/2001/XMLSchema-instance"
    xsi:schemaLocation="http://www.loc.gov/MARC21/slim http://www.loc.gov/standards/marcxml/schema/MARC21slim.xsd"
    xmlns="http://www.loc.gov/MARC21/slim">

  <leader>02880nam a22002897i 4500</leader>
  <controlfield tag="003">Do-SdINT</controlfield>
  <controlfield tag="005">20250520104550.0</controlfield>
  <controlfield tag="008">040225s2025    ag      s    |||| 0|spa d</controlfield>
  <datafield tag="040" ind1=" " ind2=" ">
    <subfield code="a">DO-SdINT</subfield>
    <subfield code="e">rda</subfield>
    <subfield code="b">spa</subfield>
    <subfield code="c">DO-SdINT</subfield>
  </datafield>
  <datafield tag="072" ind1=" " ind2=" ">
    <subfield code="a">CSH</subfield>
  </datafield>
  <datafield tag="110" ind1=" " ind2=" ">
    <subfield code="a">Instituto Latinoamericano de Desarrollo Profesional Docente</subfield>
    <subfield code="4">aut.</subfield>
    <subfield code="9">109372</subfield>
    <subfield code="e">autor</subfield>
  </datafield>
  <datafield tag="245" ind1="1" ind2="0">
    <subfield code="a">Gamificaci&#xF3;n en la era de la inteligencia artificial :</subfield>
    <subfield code="b">estrategias, herramientas y el futuro del aprendizaje interactivo /</subfield>
    <subfield code="c">prefacio, Jorge Rey Valzacchi</subfield>
  </datafield>
  <datafield tag="264" ind1=" " ind2=" ">
    <subfield code="a">Buenos Aires, Argentina : </subfield>
    <subfield code="b">Instituto Latinoamericano de Desarrollo Profesional Docente,</subfield>
    <subfield code="c">2025</subfield>
  </datafield>
  <datafield tag="300" ind1=" " ind2=" ">
    <subfield code="a">1 recurso en l&#xED;nea (114 p&#xE1;ginas)</subfield>
  </datafield>
  <datafield tag="336" ind1=" " ind2=" ">
    <subfield code="a">texto</subfield>
    <subfield code="b">txt</subfield>
    <subfield code="2">rdacontent</subfield>
  </datafield>
  <datafield tag="337" ind1=" " ind2=" ">
    <subfield code="a">computadora</subfield>
    <subfield code="b">c</subfield>
    <subfield code="2">rdamedia</subfield>
  </datafield>
  <datafield tag="338" ind1=" " ind2=" ">
    <subfield code="a">recurso en l&#xED;nea</subfield>
    <subfield code="b">c</subfield>
    <subfield code="2">rdacarrier</subfield>
  </datafield>
  <datafield tag="347" ind1=" " ind2=" ">
    <subfield code="a">archivo de texto</subfield>
    <subfield code="b">PDF</subfield>
    <subfield code="2">rda</subfield>
  </datafield>
  <datafield tag="490" ind1=" " ind2=" ">
    <subfield code="a">Inteligencia artificial en la educaci&#xF3;n</subfield>
  </datafield>
  <datafield tag="505" ind1=" " ind2=" ">
    <subfield code="a">Prefacio 7 -- Introducci&#xF3;n: Los chatbots en la educaci&#xF3;n 9 -- Parte 1: Fundamentos de la gamificaci&#xF3;n en la educaci&#xF3;n 1. &#xBF;Qu&#xE9; es la gamificaci&#xF3;n y por qu&#xE9; es efectiva en la educaci&#xF3;n?15 -- 2. Psicolog&#xED;a del aprendizaje y la motivaci&#xF3;n en la gamificaci&#xF3;n 19 -- 3. Elementos clave de la gamificaci&#xF3;n 23 -- 4. C&#xF3;mo dise&#xF1;ar una experiencia gamificada en educaci&#xF3;n 27 -- Parte 2: Estrategias y metodolog&#xED;as gamificadas 5. Narrativas y storytelling en la gamificaci&#xF3;n 33 -- 6. Escape Rooms educativos y retos gamificados 37 -- 7. Juegos serios y aprendizaje basado en juegos (ABJ) 41 -- 8. Evaluaci&#xF3;n y retroalimentaci&#xF3;n en la gamificaci&#xF3;n 45 -- Parte 3: Implementaci&#xF3;n y herramientas para la gamificaci&#xF3;n 9. Implementaci&#xF3;n de la gamificaci&#xF3;n en diferentes niveles educativos 51 -- 10. Dise&#xF1;o de un proyecto de gamificaci&#xF3;n educativa 55 -- 11. Herramientas digitales para la gamificaci&#xF3;n educativa 59 -- 12. Inteligencia artificial y gamificaci&#xF3;n: una nueva frontera 63 -- Parte 4: Inteligencia Artificial y el futuro de la gamificaci&#xF3;n educativa 13. Personalizaci&#xF3;n del aprendizaje gamificado con inteligencia artificial 69 -- 14. Creaci&#xF3;n de contenido gamificado con IA 73 -- 15. Chatbots y asistentes virtuales en la gamificaci&#xF3;n 77 -- 16. An&#xE1;lisis de datos y optimizaci&#xF3;n en la gamificaci&#xF3;n con IA 81 -- 17. &#xC9;tica y desaf&#xED;os de la IA en la gamificaci&#xF3;n educativa 85 -- 18. Gamificaci&#xF3;n en la educaci&#xF3;n inclusiva 89 -- 19. Ejemplos pr&#xE1;cticos de gamificaci&#xF3;n educativa 93 -- 20. Democratizando la gamificaci&#xF3;n con IA 99 -- Bibliograf&#xED;a 103</subfield>
  </datafield>
  <datafield tag="506" ind1="0" ind2=" ">
    <subfield code="a">Open Access</subfield>
  </datafield>
  <datafield tag="650" ind1=" " ind2="7">
    <subfield code="a">Gamificaci&#xF3;n</subfield>
    <subfield code="2">ARMARC</subfield>
    <subfield code="9">109380</subfield>
  </datafield>
  <datafield tag="650" ind1=" " ind2="7">
    <subfield code="a">Inteligencia artificial</subfield>
    <subfield code="2">ARMARC</subfield>
    <subfield code="9">34332</subfield>
    <subfield code="x">Aplicaciones educativas</subfield>
  </datafield>
  <datafield tag="700" ind1=" " ind2=" ">
    <subfield code="a">Valzacchi, Jorge Rey, </subfield>
    <subfield code="d">1956-</subfield>
    <subfield code="4">pr.</subfield>
    <subfield code="9">109731</subfield>
    <subfield code="e">prologuista</subfield>
  </datafield>
  <datafield tag="856" ind1=" " ind2=" ">
    <subfield code="y">Acceso a Texto Completo</subfield>
    <subfield code="u">https://opacbiblioteca.intec.edu.do/opac-tmpl/files/recursoselectronicos/LibrocompletodeGamificacion.pdf</subfield>
  </datafield>
  <datafield tag="942" ind1=" " ind2=" ">
    <subfield code="c">E-BOOK</subfield>
    <subfield code="2">ddc</subfield>
  </datafield>
  <datafield tag="999" ind1=" " ind2=" ">
    <subfield code="c">13433</subfield>
    <subfield code="d">13433</subfield>
  </datafield>
  <datafield tag="952" ind1=" " ind2=" ">
    <subfield code="0">0</subfield>
    <subfield code="1">0</subfield>
    <subfield code="2">ddc</subfield>
    <subfield code="4">0</subfield>
    <subfield code="7">0</subfield>
    <subfield code="a">IDEICE</subfield>
    <subfield code="b">IDEICE</subfield>
    <subfield code="d">2025-05-20</subfield>
    <subfield code="l">0</subfield>
    <subfield code="r">2025-05-20 10:48:26</subfield>
    <subfield code="w">2025-05-20</subfield>
    <subfield code="y">LIB</subfield>
  </datafield>
</record>
